| 000 | 00795nam a2200217Ii 4500 | ||
|---|---|---|---|
| 003 | JO-AjNU | ||
| 008 | 230605s9999||||xx |||||||||||||| ||und|| | ||
| 017 | _a2007/6/1856 | ||
| 040 |
_aJO-AjNU _bara _erda _cJO-AjNU |
||
| 041 | _aara | ||
| 050 | 1 | 4 | _aBP440.32.A22.K83 2007 |
| 100 | 3 |
_aالكوفحي، ماجد عبد المجيد ؛ م.مشارك: وليد وهيب الطحاينة, _eauthor _921446 |
|
| 245 | 0 | 0 | _aالقواعد الفقهية الكلية في الشريعة الإسلامية : دراسة قانونية وأكاديمية |
| 250 | _aط1 | ||
| 264 | 3 | 1 | _aد.م: د.ن، 2007 |
| 300 | _a140ص | ||
| 336 |
_atext _btxt _2rdacontent |
||
| 337 |
_aunmediated _bn _2rdamedia |
||
| 338 |
_avolume _bnc _2rdacarrier |
||
| 650 | 4 |
_aاصول الفقه الاسلامي _921447 |
|
| 999 |
_aA7450 _c11018 _d11018 |
||